Los nietos del jaguar (Registro nro. 17852)

Detalles MARC
000 -CABECERA
Longitud fija campo de control 00553nam a22001817a 4500
003 - IDENTIFICADOR DELl NÚMERO DE CONTROL
Identificador del número de control OSt
005 - FECHA Y HORA DE LA ÚLTIMA TRANSACCIÓN
Fecha y hora de la última transacción 20150311154729.0
008 - CÓDIGOS DE INFORMACIÓN DE LONGITUD FIJA
Códigos de información de longitud fija 150129b xxu||||| |||| 00| 0 eng d
040 ## - FUENTE DE LA CATALOGACIÓN
Centro transcriptor BMC
082 ## - NÚMERO DE LA CLASIFICACIÓN DECIMAL DEWEY
Númeroo de clasificación Sv861
100 1# - PUNTO DE ACCESO PRINCIPAL-NOMBRE DE PERSONA
Nombre de persona Rivas, Pedro Geoffroy
9 (RLIN) 21833
Fechas asociadas al nombre 1908-1979
245 14 - MENCIÓN DE TÍTULO
Título Los nietos del jaguar
Mención de responsabilidad, etc. Pedro Geoffroy Rivas
260 ## - PUBLICACIÓN, DISTRIBUCIÓN, ETC. (PIE DE IMPRENTA)
Lugar de publicación, distribución, etc. San Salvador
Nombre del editor, distribuidor, etc. Consejo Nacional para la Cultura y el Arte
Fecha de publicación, distribución, etc. 1996
300 ## - DESCRIPCIÓN FÍSICA
Extensión 117 p.
Dimensiones 22 cm
490 ## - MENCIÓN DE SERIE
Mención de serie Biblioteca Básica de Literatura Salvadoreña
Designación de volumen o secuencia 8
650 24 - PUNTO DE ACCESO ADICIONAL DE MATERIA - TÉRMINO DE MATERIA
9 (RLIN) 21923
Término de materia o nombre geográfico como elemento inicial Poesía salvadoreña
942 ## - ENTRADA DE ELEMENTOS AGREGADOS (KOHA)
Fuente de clasificaión o esquema Dewey Decimal Classification
Koha [por defecto] tipo de item 1- Monografias
Existencias
Suprimido Perdido Fuente de clasificación o esquema Estropeado Restricciones de uso No para préstamo Código de colección Localización permanente Localización actual Localización en estanter&íacute;as Fecha adquisición Fuente de adquisición Número de inventario Préstamos totales Signatura completa Código de barras Fecha última consulta Coste, precio reemplazado Fecha del precio de reemplazo Tipo de item de Koha Renovaciones totales Fecha último préstamo
NULL NULL Dewey Decimal Classification NULL Prestable NULL NULL Biblioteca Centro Regional de Ilobasco Biblioteca Centro Regional de Ilobasco Sala Principal 22/01/2011 CRI LI002359 8 P RIV nie 1038993 25/04/2026   18/10/2016 1- Monografias 1 08/04/2026
NULL NULL Dewey Decimal Classification NULL Prestable NULL NULL Biblioteca Miguel de Cervantes - UNICAES Biblioteca Miguel de Cervantes - UNICAES Sala Principal 19/02/2015 Donación - Moisés Martínez 028296   P RIV nie 1028706 19/02/2015 12.00 19/02/2015 1- Monografias    
NULL NULL Dewey Decimal Classification NULL Prestable NULL NULL Biblioteca Miguel de Cervantes - UNICAES Biblioteca Miguel de Cervantes - UNICAES Sala Principal 19/02/2015 Donación - Concultura 028297   P RIV nie 1028707 19/02/2015 12.00 19/02/2015 1- Monografias    
NULL NULL Dewey Decimal Classification NULL Prestable NULL NULL Biblioteca Miguel de Cervantes - UNICAES Biblioteca Miguel de Cervantes - UNICAES Sala Principal 19/02/2015 Donación - Concultura 028298   P RIV nie 1028708 19/02/2015 12.00 19/02/2015 1- Monografias    
NULL NULL Dewey Decimal Classification NULL Prestable NULL NULL Biblioteca Miguel de Cervantes - UNICAES Biblioteca Miguel de Cervantes - UNICAES Sala Principal 19/02/2015 Donación - Concultura 028299   P RIV nie 1028709 19/02/2015 12.00 19/02/2015 1- Monografias    
NULL NULL Dewey Decimal Classification NULL Prestable NULL NULL Biblioteca Miguel de Cervantes - UNICAES Biblioteca Miguel de Cervantes - UNICAES Sala Principal 19/02/2015 Donación - Concultura 028300   P RIV nie 1028710 19/02/2015 12.00 19/02/2015 1- Monografias